000 00494nam a22001697a 4500
082 _a004
100 _aGhaffar, Abdul
245 _aIncome Tax /
_cAbdul Ghaffar
260 _aIslamabad ;
_bSEECS - NUST,
_cN.D.
300 _a38 p. ;
_c30cm.
563 _aa
650 _aComputer Science-Project Report
700 _aMr. Muhammad Yousaf
_931155
856 _uhttp://10.250.8.41:8080/xmlui/handle/123456789/28788
942 _2ddc
_cPR
999 _c536989
_d536989